Číslicové metódy frekvenčnej demodulácie signálov = Descrete-time methods for frequency demodulation of signals

Enregistré dans:
Détails bibliographiques
Auteur principal: Duda, Martin (Auteur)
Autres auteurs: Púčik, Jozef, 1972- (Directeur de thèse)
Format: Manuscrit Livre
Langue:slovaque
Publié: Bratislava : STU v Bratislave FEI, 2004
Sujets:
Tags: Ajouter un tag
Pas de tags, Soyez le premier à ajouter un tag!

MARC

LEADER 00000ntm a22000003a 4500
001 stu92714
005 20160719164658.0
008 050202s2004------------------------slo-d
040 |a STU  |b slo 
041 0 |a slo 
080 |a 621.397 
080 |a 681.322.06 
100 1 |a Púčik, Jozef,  |d 1972-  |4 ths  |u E030  |U FEI Fakulta elektrotechniky a informatiky  |T FEI Ústav elektroniky a fotoniky  |X 1922  |U E030  |Y 549  |7 A000001922 
245 1 |a Číslicové metódy frekvenčnej demodulácie signálov = Descrete-time methods for frequency demodulation of signals 
260 |a Bratislava :  |b STU v Bratislave FEI,  |c 2004 
300 |a 59 s 
650 7 |a Rádioelektronika  |2 stusub 
650 7 |a číslicové spracovanie signálov  |2 stusub 
700 1 |a Duda, Martin  |4 aut